Svetový kongres IPSF

Bibliographic Details
Main Author: Valena, Tomáš (Author)
Format: Article
Language:Slovak

MARC

LEADER 00000nab a2200000 a 4500
001 vtls010704477
003 SK-MaSNL
005 20260304192540.0
008 250709s2009 xo |||||||||||||||||slo|
035 |a (urnnbn)urn:nbn:sk:snk:ar-a03y81 
035 |a (uuid)b3b2af9d-9799-4651-b4d2-e9c5a43d3cfe 
035 |a urn:nbn:sk:snk-ab398x 
040 |a SNKBUCL  |b slo  |c SNKBUCL  |e AACR2 
041 0 |a slo 
044 |a xo  |c SK 
100 1 |a Valena, Tomáš  |4 aut  |9 161909 
245 1 0 |a Svetový kongres IPSF  |c Tomáš Valena 
773 0 |t Lekárnické listy : odborno-informačný časopis Slovenskej lekárnickej komory  |g Roč. 11, č. 9 (2009), s. 18-19 
850 |a Slovenská národná knižnica 
852 |a Slovenská národná knižnica 
954 |a odborná, vedecká literatúra pôvodná (slovenská)  |2 lita 
958 |a article1 
958 |a OND 
958 |a EUIPO 
999 |c 3062713  |d 3064643